将棋界・どの佐藤か - Statistics

General Stats
  • This quiz has been taken 17 times
  • The average score is 5 of 10
Answer Stats
Hint Answer % Correct
永世称号資格有り 佐藤康光九段
88%
現在A級在籍 佐藤天彦九段
88%
奨励会時期を含む最古参 佐藤秀司八段
53%
最古参 佐藤康光九段
53%
振り飛車党 佐藤天彦九段
53%
竜王戦1組に昇級したが現在3組在籍 佐藤和俊七段
41%
大賞受賞歴なし 佐藤慎一六段
41%
神奈川県出身 佐藤紳哉七段
35%
永世名人の弟子 佐藤秀司八段
29%
一年度で大賞5賞受賞した 佐藤天彦九段
29%
No matching quizzes found
Score Distribution
Percent of People with Each Score
Percentile by Number Answered
Your Score History
You have not taken this quiz